Top Web Browsers Quiz Stats

 Plays Quiz Updated Oct 11, 2018

Score 0/5 Timer 02:00
0 Plays Today
Market Share Browser % Correct
80.7%Chrome
98%
9.4%Firefox
88.6%
3.1%Safari
75.1%
3.6%Microsoft Edge/Internet Explorer
65.5%
1.7%Opera
34%

You're not logged in!

Compare scores with friends on all Sporcle quizzes.
OR
Log In

Sporcle TV

Today on Sporcle TV


Watch our educational content, quiz creation guides, and fun videos on Sporcle TV.

Show Comments

Extras

Top Quizzes Today


Score Distribution

Your Account Isn't Verified!

In order to create a playlist on Sporcle, you need to verify the email address you used during registration. Go to your Sporcle Settings to finish the process.

Report this User

Report this user for behavior that violates our Community Guidelines.

Details: